00756nam a22002057a 4500003000900000005001700009007000300026008003700029020001800066040002500084100003800109245008900147260005500236300002100291500006400312590002900376942001400405952011400419999001700533DO-SdBNP20220127091745.0ta210806b 2017 dr 00| 0 eng d a9781944586454 aDO-SdBNPbspacBNPHU1 aNúñez, Miguel ,962070d1958-10a¡Latinoamérica Despierta! :b95 tesis para la Iglesia de Hoy /cMiguel Núñez. aSanto Domingo : b‎ Poiema Publicaciones,c2017. a95 p. ;c22 cm.  aIncluye datos biográficos del autor en la contracubierta. aInventariado, 2021 /LP  2ddccLBS1 00102ddc718MOaBNPHUbPDcHDd2021-08-06eEditora Centenario l0p2021-25413r2021-08-06w2021-08-06yLBS1 c50195d50195